000 00944cam a22002651 4500
001 gs 65000105
003 DLC
005 20260227111416.0
008 720321s1964 xx 000 0 eng
010 _ags 65000105
035 _a(OCoLC)268265
040 _aDLC
_cOAkU
_dDLC
050 0 0 _aQE185
_b.A2 no. 329
051 _aQE187
_b.D834
100 1 _aDuffell, Stanley,
_d1908-
245 1 0 _aGeology of Terrace map-area, British Columbia
_b(103 I E 1/2)
_cby S. Duffell and J.G. Souther.
260 _a[Ottawa]
_bDept. of Mines and Technical Surveys, Canada
_c[1964]
300 _ax, 117 p.
_billus., maps (3 fold., 1 col., in pocket) diagrs., tables.
410 2 0 _aGeological Survey of Canada.
_tMemoir
_v329
500 _aAbstract also in French.
504 _aBibliography: p. 101-103.
650 0 _aGeology
_zBritish Columbia
_zTerrace Region.
650 0 _aGeology
_zBritish Columbia
_xMaps.
700 1 _aSouther, J. G.,
_ejoint author.
999 _c29982
_d29982